Sonate a- Moll / la mineur / a minor : fur Violoncello und Basso continuo (Record no. 28954)

000 -LEADER
fixed length control field 00707nam a22002057a 4500
003 - CONTROL NUMBER IDENTIFIER
control field OSt
005 - DATE AND TIME OF LATEST TRANSACTION
control field 20260428105702.0
008 - FIXED-LENGTH DATA ELEMENTS--GENERAL INFORMATION
fixed length control field 260428b ||||| |||| 00| 0 eng d
040 ## - CATALOGING SOURCE
Original cataloging agency BSHUA
Language of cataloging Shqip
050 ## - LIBRARY OF CONGRESS CALL NUMBER
Item number 787.3/Bon.
082 ## - DEWEY DECIMAL CLASSIFICATION NUMBER
Item number 787.3/Bon.
100 ## - MAIN ENTRY--PERSONAL NAME
Personal name Bononcini, Giovanni Battista
245 ## - TITLE STATEMENT
Title Sonate a- Moll / la mineur / a minor : fur Violoncello und Basso continuo
260 ## - PUBLICATION, DISTRIBUTION, ETC. (IMPRINT)
Place of publication, distribution, etc Mainz:
Name of publisher, distributor, etc B. Schott's Sohne,
Date of publication, distribution, etc 1967.
300 ## - PHYSICAL DESCRIPTION
Extent 2 parte
653 ## - INDEX TERM--UNCONTROLLED
Uncontrolled term Muzika boterore - Muzika italiane - Muzika baroke - Muzika instrumentale - Muzike per Violincel - Sonata -
-- Sonate ne La minor - Sonate per Celo dhe Bass Continuo - 2 parte
856 ## - ELECTRONIC LOCATION AND ACCESS
Link text Fulltext
942 ## - ADDED ENTRY ELEMENTS (KOHA)
Source of classification or shelving scheme
Koha item type Music Parts
953 ## - Fulltext
Is Fulltext Available Unavailable
Holdings
Withdrawn status Lost status Source of classification or shelving scheme Damaged status Not for loan Permanent Location Current Location Date acquired Cost, normal purchase price Full call number Barcode Date last seen Price effective from Koha item type
          Biblioteka e Universitetit te Arteve - Fondi i Mbyllur Biblioteka e Universitetit te Arteve - Fondi i Mbyllur 2026-04-28 300.00 787.3/Bon. 68503 2026-04-28 2026-04-28 Music Parts
^
Universiteti i Arteve, Tiranë
Projekt i realizuar më Tetor, 2011.
Powered by: Koha
Developed by: Erjon Sulaj